000 00307nam a2200109Ia 4500
008 200302s9999 xx 000 0 und d
100 _aRichard Weston
245 _aKey Buildings of the 20th Century Plans, Sections & Elevations 2nd ed.,
260 _bLaurence King Publishing
260 _c2010
300 _a249
999 _c3384
_d3384